Guess 300 famous people from United States by image - Statistics

General Stats
  • This quiz has been taken 1,614 times
    1,590 since last reset
  • The average score is 141 of 300
Answer Stats
Picture Answer % Correct
George Washington
96%
Abraham Lincoln
94%
Barack Obama
93%
Donald Trump
93%
Joe Biden
92%
John F. Kennedy
91%
Michelle Obama
91%
Hillary Clinton
89%
Martin Luther King
89%
Bill Clinton
87%
Marilyn Monroe
87%
George W. Bush
86%
Neil Armstrong
86%
Will Smith
84%
Dwayne Johnson
83%
Elvis Presley
83%
Johnny Depp
83%
Leonardo DiCaprio
83%
Michael Jackson
83%
George H. W. Bush
82%
Ronald Reagan
82%
Morgan Freeman
81%
Brad Pitt
80%
Richard Nixon
80%
Kamala Harris
79%
Rosa Parks
79%
Tom Hanks
78%
Eminem
77%
Malcolm X
77%
Oprah Winfrey
76%
Snoop Dogg
76%
Sylvester Stallone
76%
Taylor Swift
76%
Benjamin Franklin
75%
Harrison Ford
75%
Robin Williams
75%
Jennifer Aniston
74%
Theodore Roosevelt
74%
Tom Cruise
74%
George Clooney
73%
Jimmy Carter
73%
Nicolas Cage
72%
Thomas Jefferson
72%
Angelina Jolie
71%
Beyoncé
71%
Dwight Eisenhower
71%
Samuel L. Jackson
71%
Ariana Grande
70%
Robert Downey Jr
70%
Franklin D. Roosevelt
69%
Kiss
69%
Lady Gaga
69%
Ryan Reynolds
69%
Mark Zuckerberg
68%
Muhammad Ali
68%
Bruce Willis
67%
Buzz Aldrin
67%
Harry Truman
67%
Julia Roberts
67%
Lyndon B. Johnson
67%
Matt Damon
67%
Tupac Shakur
67%
Gerald Ford
66%
Kurt Cobain
66%
Madonna
66%
Meryl Streep
66%
Scarlett Johansson
66%
Serena Williams
66%
Steve Jobs
66%
Bruno Mars
65%
Clint Eastwood
65%
John Adams
65%
John Travolta
65%
Kanye West/Ye
65%
Bill Gates
64%
Mariah Carey
64%
Prince
64%
Robert De Niro
64%
Jennifer Lawrence
63%
Britney Spears
62%
Frank Sinatra
62%
Jack Nicholson
62%
Jay-Z
62%
Louis Armstrong
62%
Michael Jordan
62%
Sandra Bullock
62%
Billie Eilish
61%
Kobe Bryant
61%
Mike Tyson
61%
Pitbull
61%
Venus Williams
61%
Denzel Washington
60%
Jeff Bezos
60%
Justin Timberlake
60%
Quentin Tarantino
60%
Chris Pratt
59%
Emma Stone
59%
Selena Gomez
59%
Aretha Franklin
58%
Ben Stiller
58%
Bill Cosby
58%
Cameron Diaz
58%
Eddie Murphy
58%
Gwyneth Paltrow
58%
Jamie Foxx
58%
Kim Kardashian
58%
Stephen King
58%
The Notorious B.I.G.
58%
Tina Turner
58%
Woodrow Wilson
58%
Ben Affleck
57%
Edgar Allan Poe
57%
Mark Twain
57%
Steven Spielberg
57%
Tiger Woods
57%
Al Pacino
56%
Barbra Streisand
55%
Eleanor Roosevelt
55%
Joaquin Phoenix
55%
John Cena
55%
Ray Charles
55%
Simon & Garfunkel
55%
Andy Warhol
54%
James Dean
54%
Jimi Hendrix
54%
Katy Perry
54%
LeBron James
54%
Mel Gibson
54%
Woody Allen
54%
George Lucas
53%
Jennifer Lopez
53%
Chuck Norris
52%
Michael B. Jordan
52%
Hulk Hogan
51%
Matthew McConaughey
51%
Michael Phelps
51%
Richard Gere
51%
Sean Penn
51%
Shaquille O'Neal
51%
Dustin Hoffman
50%
Ernest Hemingway
50%
Village People
50%
Babe Ruth
49%
Christian Bale
49%
Green Day
49%
Maroon 5
49%
Stephen Curry
49%
Bradley Cooper
48%
Jodie Foster
48%
John Legend
48%
Robert E. Lee
48%
Robert Redford
48%
Whitney Houston
48%
Alexander Hamilton
47%
Bob Dylan
47%
Christina Aguilera
47%
Jason Momoa
47%
Marlon Brando
47%
Pharrell Williams
47%
Buddy Holly
46%
Douglas MacArthur
46%
Al Capone
45%
James Brown
45%
Tom Brady
45%
James Earl Jones
44%
Jon Bon Jovi
44%
Kevin Costner
44%
Lance Armstrong
44%
Thomas Edison
44%
Edward Norton
43%
George Patton
43%
Jared Leto
43%
Martin Scorsese
43%
The Beach Boys
43%
50 Cent
42%
Humphrey Bogart
42%
Jake Gyllenhaal
42%
Orville Wright/Wilbur Wright
42%
Bruce Springsteen
41%
Jeffrey Dahmer
41%
Jesse Owens
41%
Julianne Moore
41%
Katharine Hepburn
41%
Kurt Russell
41%
Clark Gable
40%
Johnny Cash
40%
Larry Bird
40%
Patrick Swayze
40%
Stevie Wonder
40%
Walt Disney
40%
George Armstrong Custer
39%
Guns N'Roses
39%
Janet Jackson
39%
Sidney Poitier
39%
Chadwick Boseman
38%
Charles Manson
38%
David Letterman
38%
The Doors
38%
Oliver Hardy
37%
Grace Kelly
36%
Joe Pesci
36%
Judy Garland
36%
Macklemore
36%
Ron Howard
36%
Aerosmith
35%
Bonnie and Clyde
35%
Frank Zappa
35%
Kirk Douglas
35%
Magic Johnson
35%
Marvin Gaye
35%
Michael Moore
35%
Paul Newman
35%
Spike Lee
35%
XXXTentacion
35%
James Stewart
34%
Red Hot Chili Peppers
34%
The Undertaker
34%
Chuck Berry
33%
Kareem Abdul-Jabbar
33%
Little Richard
33%
Shirley Temple
33%
Ulysses Grant
33%
Marylin Manson
32%
Peyton Manning
32%
Andre Agassi
31%
Cyndi Lauper
31%
Warren Buffett
31%
Jackie Robinson
30%
Joel Coen/Ethan Coen
30%
Fred Astaire
29%
Kevin Durant
29%
Tim Burton
29%
Wilt Chamberlain
29%
Floyd Mayweather
28%
Kendrick Lamar
28%
Robert Oppenheimer
28%
Billy the Kid
27%
John McEnroe
27%
Bette Davis
26%
Joe DiMaggio
26%
Orson Welles
26%
Stanley Kubrick
26%
Gregory Peck
24%
John Wayne
24%
Linkin Park
24%
Lynyrd Skynyrd
23%
Francis Ford Coppola
22%
George Foreman
22%
Pete Sampras
22%
Spencer Tracy
22%
Bad Bunny
21%
Bill Russell
21%
Henry Ford
21%
Rey Mysterio
21%
Wiz Khalifa
21%
Burt Lancaster
19%
Henry Fonda
19%
James Cagney
19%
John Williams
19%
Mahershala Ali
19%
Sharon Stone
19%
Walt Whitman
19%
Joe Montana
18%
Metallica
18%
Billy Graham
17%
Rita Hayworth
17%
Rocky Marciano
17%
Carl Lewis
16%
Gene Kelly
16%
Jackson Pollock
16%
Jimmy Connors
16%
Eagles
15%
Black Sabbath
14%
Chester Nimitz
14%
Sam Cooke
14%
The Chainsmokers
14%
Charles Lindbergh
12%
Katie Ledecky
12%
Lindsey Vonn
12%
Gary Cooper
11%
Buster Keaton
10%
Jesse James
10%
Eddie Guerrero
9%
Mario Andretti
9%
Joseph Smith
8%
Jerry Rice
7%
Ryan Lochte
7%
Buffalo Bill
6%
Jack London
6%
Tyson Gay
6%
Herman Melville
5%
John Ford
5%
Justin Gatlin
5%
Butch Cassidy
4%
Frank Capra
4%
Richard Feynman
4%
James Watson
3%
John Rockfeller
3%
Frank Lloyd Wright
2%
Nicky Hayden
1%
No matching quizzes found
Score Distribution
Percent of People with Each Score
Percentile by Number Answered
Your Score History
You have not taken this quiz since the last reset